| 000 | 01019nam a2200169Ia 4500 | ||
|---|---|---|---|
| 999 |
_c11069 _d11069 |
||
| 082 | _aRL 0039 | ||
| 100 |
_aLahiri, Vimal Kumar _uKashi Hindu vishwavidyalaya _vVaranasi |
||
| 245 | 0 |
_aभारतीय समांज में विधवाओं की प्रस्तिथि एवं भूमिका _b: वाराणसी जनपद में निवास करने वाली विधवाओं पर आधारित एक समाज वैज्ञानिक अध्ययन |
|
| 246 | _aBharatiya samaj mei vidhvayon ki prastithi evam bhumika: Varanasi janpad mei nivas karne vali vidhvayon par aadharit ek samaj vaigyanik adhyayan | ||
| 260 |
_c2014 _bIndian Council of Social Science Research _aNew Delhi |
||
| 300 | _a306p | ||
| 504 | _aincludes Bibliography | ||
| 650 |
_aPrastithi evm Bhumika _zVidhvayon |
||
| 650 |
_aSamaj vaigyanik adhyayan _zIndia _zUttar Pradesh _zVaranasi janpad |
||
| 650 |
_aBharatiya samaj _vVidhvayon |
||
| 942 |
_cRP _2ddc |
||